000 00366nam a2200145Ia 4500
008 230917s9999||||xx |||||||||||||| ||und||
040 _e185671
_aMAIN
041 _aEnglish
082 _a658.3 M311P
100 _aMamoria, C B
245 0 _aPersonal managment (management of human resources)
260 _aAhemadabad
_c1980
300 _axiv,862 p.
942 _cBK
999 _c133652
_d133652